000 00413nab a2200145Ia 4500
003 ES-SlBCS
005 20210601124910.0
008 140529s1999 xxu||||| |||| 00| 0 eng d
041 _aeng
100 1 _aHawley, Katherine
_9151122
245 0 0 _aPersistence and Non-Supervenient Relations
_c Katherine Hawley
650 0 4 _aRelación
_9133228
773 0 _tMind
_gvol. 108, 1999, págs. 53-68
_wRev1408
942 _cAR
999 _c521361
_d521361